| 000 | 00745cam a2200277 4500500 | ||
|---|---|---|---|
| 005 | 20260329004751.0 | ||
| 041 | _afre | ||
| 042 | _adc | ||
| 100 | 1 | 0 |
_aLacroix, Alexandre _eauthor |
| 245 | 0 | 0 | _aPascal Chabot. À la recherche du temps perdu |
| 260 | _c2021. | ||
| 500 | _a38 | ||
| 690 | _aFutur | ||
| 690 | _ahorloge | ||
| 690 | _aMachine | ||
| 690 | _amesure | ||
| 690 | _aModernité | ||
| 690 | _aNature | ||
| 690 | _aPascal Chabot | ||
| 690 | _aPassé | ||
| 690 | _aPrésent | ||
| 690 | _aProgrès | ||
| 690 | _aTemps | ||
| 786 | 0 | _nPhilosophie magazine | 147 | 3 | 2021-03-01 | p. 30-31 | 1951-1787 | |
| 856 | 4 | 1 | _uhttps://shs.cairn.info/magazine-philosophie-magazine-2021-3-page-30?lang=fr&redirect-ssocas=7080 |
| 999 |
_c1837093 _d1837093 |
||